Conciencia y dolor : Schopenhauer y la crisis de la modernidad /
Arthur Schopenhauer (1778-1860), filósofo alemán, creador de la doctrina filosófica denominada voluntarismo, en el que sostiene la primacía de la voluntad y de los aspectos morales sobre la inteligencia y las capacidades racionales. En la presente obra la autora interpreta las líneas fundamentales d...
Uloženo v:
| Hlavní autor: | |
|---|---|
| Médium: | Kniha |
| Jazyk: | španělština |
| Vydáno: |
Madrid, España :
Trotta,
1995, c1995
|
| Edice: | (Estructuras y Procesos. Filosofía)
|
| Témata: | |
| Tagy: |
Žádné tagy, Buďte první, kdo vytvoří štítek k tomuto záznamu!
|
MARC
| LEADER | 00000nam^a2200000^a^4500 | ||
|---|---|---|---|
| 001 | 000319714 | ||
| 005 | 20250521000000.0 | ||
| 009 | 20260310113449.741 | ||
| 020 | |a 84-8164-007-7 | ||
| 037 | |a Acervo Xavier Clavigero | ||
| 041 | |a ESP | ||
| 082 | |a 141. |b SCH EST ANT | ||
| 100 | |a Rábade Obradó, Ana Isabel |e (autor) | ||
| 245 | 1 | 0 | |a Conciencia y dolor : |b Schopenhauer y la crisis de la modernidad / |c A.I. Rábade Obradó. |
| 264 | 4 | |a Madrid, España : |b Trotta, |c 1995, c1995 | |
| 300 | |a 241 p. | ||
| 336 | |a texto |b txt |2 rdacontenido | ||
| 337 | |a sin mediación |b n |2 rdamedio | ||
| 338 | |a volumen |b nc |2 rdasoporte | ||
| 440 | 1 | |a (Estructuras y Procesos. |p Filosofía) | |
| 520 | |a Arthur Schopenhauer (1778-1860), filósofo alemán, creador de la doctrina filosófica denominada voluntarismo, en el que sostiene la primacía de la voluntad y de los aspectos morales sobre la inteligencia y las capacidades racionales. En la presente obra la autora interpreta las líneas fundamentales del pensamiento schopenhaueriano, como la voluntad y el conocimiento. | ||
| 649 | |a XX | ||
| 650 | |a Filósofos Alemanes | ||
| 650 | |a Representación (Filosofía) | ||
| 650 | |a Epistemología | ||
| 650 | |a Etica | ||
| 650 | |a Modernidad y Posmodernidad | ||
| 650 | |a Voluntarismo - |x Historia y Crítica - |x Tema Principal | ||
| 650 | |a Filosofía del Siglo XIX - |x Historia y Crítica | ||
| 650 | |a Filosofía Alemana - |x Historia y Crítica | ||
| 650 | |a Schopenhauer, Arthur - |x Tema Principal | ||
| 910 | |a Fondo General | ||
| 920 | |a Impresos - Libros | ||
| 930 | |a Colección General | ||
| 905 | |a 101 | ||
| 901 | |a 042413 |b IT1 |c ACC |u 20250521 | ||
| 902 | |a https://opac.biblio.iteso.mx/vufind/Record/000319714 | ||